História do esoterismo e das ciências ocultas (Registo nº 198984)

Detalhes MARC
000 -Etiqueta do registo
Valores 00701nam 22002173 4500
010 ## - Número ISBN
ISBN 972-42-32237-9
021 ## - Número do Depósito Legal
Número 210767/04
100 ## - Dados gerais de processamento
Dados gerais 20251112d u||y0pory50 ba
200 ## - Titulo e menção de responsabilidade
Título próprio História do esoterismo e das ciências ocultas
Primeira menção de responsabilidade Jean-Paul Corsetti
Outras menções de responsabilidade tradução de Maria Eduarda Correia
210 ## - Publicação
Local de publicação Lisboa
Nome do editor Círculo de Leitores
Data de publicação 2004
215 ## - Descrição física 
Paginação / Volumes 313 p.
Outras indicações físicas encadenado
Dimensões 24 cm
606 ## - Nome comum usado como assunto
ID Autoridade 7904
Palavra de ordem Filosofia da mente e do espírito. Metafísica da vida espiritual
610 ## - Termos não controlados
Palavra de ordem Esoterismo
610 ## - Termos não controlados
Palavra de ordem Ciências ocultas
675 ## - CDU
Notação 13
Edição PT
Língua por
700 ## - Autor principal (pessoa individual)
ID Autoridade 14891
Apelido Corsetti
Nome Jean-Paul
801 ## - Fonte de origem
País PT
Agência BMMN
Regras de catalogação RPC
830 ## - Notas gerais do catalogador
Criado por Fernando
Indexado por Fernando
990 ## - Elementos KOHA
Tipo de documento Livro
Exemplares
Situação do levantamento Biblioteca de origem Código de barras Cota Permissão de empréstimo Tipo de documento Forma de aquisição
  Biblioteca Municipal de Montemor-o-Novo 27643 13 COR|LG   Livro Compra

Powered by Koha